000 01025nam a2200229Ia 4500
003 Ost
005 20260507075426.0
008 260507s9999||||xx |||||||||||||| ||und||
020 _a9789961401552
040 _cfsecg
041 _aara
082 _a330.15
100 _aفرحي، محمد
_eمؤلف
245 0 _aالتحليل الاقتصادي الجزئي :
_bمدعما ب75 تمرينا ومسالة محلولة -و65 تمرينا ومسالة مقترحة للحل /
_c محمد فرحي
260 _aالجزائر:
_bدار اسامة,
_c2007
300 _a498 صفحة؛
_bإيضاحات ؛
_c24 سم
504 _aببليوغرافيا: ص.496-498
520 _aالتحليل الاقتصادي لسلوك المستهلك، التحليل الاقتصادي لسلوك المؤسسة المنتجة، دراسة الاسواق وتحديد الاسعار، تمارين نموذجية
653 _aالإقتصاد التحليلي
653 _aالإقتصاد الجزئي
942 _cكتاب
999 _c44482
_d44482